<?xml version="1.0" encoding="UTF-8"?>
<record
    xmlns:xsi="http://www.w3.org/2001/XMLSchema-instance"
    xsi:schemaLocation="http://www.loc.gov/MARC21/slim http://www.loc.gov/standards/marcxml/schema/MARC21slim.xsd"
    xmlns="http://www.loc.gov/MARC21/slim">

  <leader>00847nam a2200169Ia 4500</leader>
  <controlfield tag="001">6650</controlfield>
  <controlfield tag="008">260622s9999    xx            000 0 und d</controlfield>
  <datafield tag="020" ind1=" " ind2=" ">
    <subfield code="a">9789948203452</subfield>
  </datafield>
  <datafield tag="245" ind1=" " ind2="0">
    <subfield code="a">&#x645;&#x634;&#x631;&#x648;&#x639; &#x627;&#x644;&#x625;&#x633;&#x62A;&#x631;&#x627;&#x62A;&#x64A;&#x62C;&#x64A;&#x629; &#x627;&#x644;&#x639;&#x631;&#x628;&#x64A;&#x629; &#x644;&#x644;&#x62A;&#x646;&#x645;&#x64A;&#x629; &#x627;&#x644;&#x645;&#x633;&#x631;&#x62D;&#x64A;&#x629;: </subfield>
    <subfield code="b">&#x648;&#x62B;&#x627;&#x626;&#x642; &#x646;&#x62F;&#x648;&#x627;&#x62A; &#x648; &#x645;&#x644;&#x62A;&#x642;&#x64A;&#x627;&#x62A; &#x639;&#x644;&#x645;&#x64A;&#x629; &#x639;&#x631;&#x628;&#x64A;&#x629;/ </subfield>
    <subfield code="c">&#x625;&#x633;&#x645;&#x627;&#x639;&#x64A;&#x644; &#x639;&#x628;&#x62F;&#x627;&#x644;&#x644;&#x647;&#x60C; &#x62F;. &#x64A;&#x648;&#x633;&#x641; &#x639;&#x627;&#x64A;&#x62F;&#x627;&#x628;&#x64A;&#x60C; &#x63A;&#x646;&#x651;&#x627;&#x645; &#x63A;&#x646;&#x651;&#x627;&#x645;</subfield>
  </datafield>
  <datafield tag="260" ind1=" " ind2=" ">
    <subfield code="a">&#x627;&#x644;&#x634;&#x627;&#x631;&#x642;&#x629;&#x61B; </subfield>
    <subfield code="b">&#x627;&#x644;&#x647;&#x64A;&#x626;&#x629; &#x627;&#x644;&#x639;&#x631;&#x628;&#x64A;&#x629; &#x644;&#x644;&#x645;&#x633;&#x631;&#x62D;&#x61B; </subfield>
    <subfield code="c">2012</subfield>
  </datafield>
  <datafield tag="300" ind1=" " ind2=" ">
    <subfield code="a">85p; </subfield>
    <subfield code="c">24x14cm</subfield>
  </datafield>
  <datafield tag="520" ind1=" " ind2=" ">
    <subfield code="a">Project- Arab Strategy for the Development of Playwrighting/ Ismail Abdullah; Dr. Yousef Aydabi; Ghunnam Ghunnam Conference resources and Arabic sceintific meetings</subfield>
  </datafield>
  <datafield tag="546" ind1=" " ind2=" ">
    <subfield code="a">Arabic</subfield>
  </datafield>
  <datafield tag="650" ind1=" " ind2=" ">
    <subfield code="a">PN2000-3307 Literature- Dramatic representation. The theater</subfield>
  </datafield>
  <datafield tag="651" ind1=" " ind2=" ">
    <subfield code="a">Arab World</subfield>
  </datafield>
  <datafield tag="942" ind1=" " ind2=" ">
    <subfield code="c">BK</subfield>
  </datafield>
  <datafield tag="999" ind1=" " ind2=" ">
    <subfield code="c">6650</subfield>
    <subfield code="d">6650</subfield>
  </datafield>
  <datafield tag="952" ind1=" " ind2=" ">
    <subfield code="0">0</subfield>
    <subfield code="1">0</subfield>
    <subfield code="4">0</subfield>
    <subfield code="7">0</subfield>
    <subfield code="8">P</subfield>
    <subfield code="a">SAFL</subfield>
    <subfield code="b">SAFL</subfield>
    <subfield code="d">2026-06-22</subfield>
    <subfield code="l">0</subfield>
    <subfield code="o">PN2000-3307 10.871</subfield>
    <subfield code="p">6650</subfield>
    <subfield code="r">2026-06-22</subfield>
    <subfield code="w">2026-06-22</subfield>
    <subfield code="y">BK</subfield>
  </datafield>
</record>
